Méchant Disney - Statistiques

Statistiques générales
  • Ce quiz a été pris 229 fois
  • Le résultat moyen est 8 sur 15
Statistiques - réponses
Hint Réponse % Correct
Aladdin Jafar
91%
Le Roi Lion Scar
91%
Peter Pan Le Capitaine Crochet
85%
La Petite Sirène Ursula
78%
La Belle au Bois Dormant Maléfique
77%
Hercule Hadès
74%
La Belle et la Bête Gaston
71%
Les 101 Dalmatiens Cruella D’Enfer
59%
Raiponce Mère Gothel
56%
La Princesse et la Grenouille Le Docteur Facilier
46%
Toy Story 3 Lotso
42%
Mulan Shan-Yu
27%
Cendrillon Madame De Trémaine
25%
Le Bossu de Notre-Dame Le Juge Claude Frollo
13%
Blanche-Neige et les Sept Nains La Reine Grimhilde
9%
Aucun quiz correspondant
Distribution des résultats
% des personnes avec chaque résultat
Percentile par nombre de réponses
Votre historique - résultats
Vous n’avez pas pris ce quiz